La guerra y la paz / (Registro nro. 8269)

Detalles MARC
000 -LIDER
fixed length control field 00954nam a2200313 a 4500
001 - NÚMERO DE CONTROL
Identificador de número de control 000023269
003 - IDENTIFICACDOR DE NÚMERO DE CONTROL
control field DO-SdBNP
005 - DATE AND TIME OF LATEST TRANSACTION
control field 20250722122336.0
007 - CAMPOS FIJOS DE DESCRIPCIÓN FÍSICA
fixed length control field 000023269
008 - ELEMENTOS DE LONGITUD FIJA
fixed length control field 150918b2008 xxu||||| 00| 0 spa d
020 ## - ISBN
International Standard Book Number 9786034026179
040 ## - FUENTE DE CATALOGACIÓN
Agencia que crea de manera original el registro BPMSU
Idioma de catalogación spa
Agencia que realiza la transcripción BPMSU
092 ## - LOCALLY ASSIGNED DEWEY DECIMAL CALL NUMBER
Número de clasificación 891.73
Número de ítem (Cutter) D724c, 2008
100 1# - ASIENTO PRINCIPAL -- NOMBRE PERSONAL
Nombre personal Tolstoi, León,
Fechas asociadas con el nombre 1828-1910
245 13 - MENCIÓN DE TITULO
Título La guerra y la paz /
Mención de responsabilidad Fiodor Dostoiewski
260 ## - PUBLICACIÓN, DISTRIBUCIÓN, ETC. (PIE DE IMPRENTA)
Lugar de publicación, distribución, etc Lima, Perú:
Nombre del editor, distribuidor, etc. Biblioteca Nacional del Perú
Fecha de publicación, distribución, etc 2008
300 ## - DESCRIPCIÓN FÍSICA
Extensión 190 p. ;
Dimensiones 18 cm.
490 1# - MENCIÓN DE SERIES
Mención de serie Biblioteca básica escolar
650 #4 - ENCABEZAMIENTO DE MATERIA--TEMÁTICO
Término temático o nombre geográfico como elemento de entrada NOVELA RUSA
650 #4 - ENCABEZAMIENTO DE MATERIA--TEMÁTICO
Término temático o nombre geográfico como elemento de entrada LITERATURA RUSA
700 12 - ASIENTO SECUNDARIO -- NOMBRE PERSONAL
Nombre personal Oromí, Montserrat,
Mención de responsabilidad tr.
700 12 - ASIENTO SECUNDARIO -- NOMBRE PERSONAL
Nombre personal Cardona, Francesc Ll.,
Mención de responsabilidad pról.
830 #0 - ASIENTO SECUNDARIO DE SERIE--TÍTULO UNIFORME
Título uniforme Biblioteca básica escolar
910 ## - VALIDACIÓN
Validación Validado. Control de calidad BNPHU
930 #1 - EQUIVALENCE OR CROSS-REFERENCE-UNIFORM TITLE HEADING [LOCAL, CANADA]
Language of a work BND01
Medium of performance for music LF1
Medium 891.73
Field link and sequence number 20101201
Date of a work 04
Name of part/section of a work HD
942 ## - ADDED ENTRY ELEMENTS (KOHA)
Source of classification or shelving scheme Dewey Decimal Classification
Koha item type Libros
945 ## - INFORMACIÓN DE PROCESAMIENTO LOCAL
Información de procesamiento local inventariado, 2018 / dg
956 ## - LOCAL ELECTRONIC LOCATION AND ACCESS (OCLC)
Nombre de host VMATEO
Número de acceso 10
Información de compresión 20150918
Inicio de sesión BPMSU
Procesador de solicitud 00151
Existencias
Withdrawn status Lost status Source of classification or shelving scheme Damaged status Not for loan Home library Current library Date acquired Total Checkouts Full call number Barcode Date last seen Price effective from Koha item type Collection code Copy number
    Dewey Decimal Classification     Biblioteca Pública Metropolitana Salomé Ureña Biblioteca Pública Metropolitana Salomé Ureña 09/18/2015   BPMSU CG 891.73 D724c 2008 BPMSU15090119 09/18/2015 09/18/2015 Libros    
    Dewey Decimal Classification     Biblioteca Pública Metropolitana Salomé Ureña Biblioteca Pública Metropolitana Salomé Ureña 09/18/2015   BPMSU CG 891.73 D724c 2008 BPMSU15090120 09/18/2015 09/18/2015 Libros Colección General e.2